| 000 | 03730nab a2200325 i 4500 | ||
|---|---|---|---|
| 003 | BR-BrBNA | ||
| 005 | 20251030161351.0 | ||
| 008 | 251030b2018 bl.|r|pooa||| 00| 0 eng | | ||
| 040 |
_aBR-BrBNA _beng |
||
| 072 |
_aF60 _b1112 |
||
| 072 | _aF30 | ||
| 100 | _aRamos, Alessandre Gabriel Oliveira | ||
| 100 | _aDonato, Sérgio Luiz Rodrigues | ||
| 100 | _aArantes, Alessandro de Magalhães | ||
| 100 | _aCoelho Filho, Maurício Antônio | ||
| 100 | _aRodrigues, Maria Geralda Vilela | ||
| 245 | _aEvaluation of gas exchanges and production of genotypes of maçã banana type cultivated in the semi-arid region of Bahia | ||
| 500 | _a Publicação online; 35 ref.; 3 illus.; 4 tables; Summaries (En, Pt) | ||
| 520 | _a Abstract - The objective of this study was to evaluate gas exchange and production of Maçã bananas type, at different times of the year and the day in semi-arid environment. Seven genotypes genotypes were used: Maçã, Caipira, BRS Tropical, BRS Princesa, YB42-03, YB42-17 and YB42-47, arranged in a completely randomized experimental design with five replicates and four useful plants per plot. For the physiological characteristics, a factorial arrangement 7x7x2 was considered (seven genotypes, seven evaluation periods, two reading times, 8:00 a.m. and 2:00 p.m.). Photosynthetic rates, carboxylation efficiency, and instantaneous water use efficiency are higher at 8:00 a.m., due to meteorological conditions, while foliar temperature and transpiration are higher at 2:00 p.m., due to the elevation of air temperature and low humidity. Months with higher radiation and intermediate temperature provided higher rates of photosynthesis, higher efficiency of carboxylation and photochemistry of photosynthesis. In general, genotype YB42-47 was the most productive, with higher water use efficiency and photosynthesis rates. Index terms: Musa spp, climate, physiology, hybrids | ||
| 520 | _a Resumo - O objetivo deste estudo foi avaliar as trocas gasosas e a produção de bananeiras tipo Maçã, em diferentes épocas do ano e horários, em ambiente semiárido. Foram utilizados sete genótipos: Maçã, Caipira, BRS Tropical, BRS Princesa, YB42-03, YB42-17 e YB42-47, dispostos em delineamento experimental inteiramente casualizado, com cinco repetições e com quatro plantas úteis por parcela. Para as características fisiológicas, foi considerado um arranjo em esquema fatorial 7x7x2 (sete genótipos, sete épocas de avaliação, duas leituras diárias: às 8 e 14 horas). As taxas fotossintéticas, a eficiência de carboxilação e a eficiência instantânea do uso da água são maiores às 8 horas, devido às condições meteorológicas, enquanto a temperatura foliar e a transpiração são mais altas às 14 horas, decorrentes da elevação da temperatura do ar e da baixa umidade. Meses com maior radiação e temperatura intermediária proporcionaram maiores taxas de fotossíntese, maior eficiência de carboxilação e fotoquímica da fotossíntese. De forma geral, o genótipo YB42-47 foi o mais produtivo com maior eficiência de uso da água e taxas de fotossíntese. Termos para indexação: Musa spp., clima, fisiologia, híbridos | ||
| 650 | _aBANANA MAÇÃ | ||
| 650 | _aHÍBRIDO | ||
| 650 | _aCONDIÇÃO AMBIENTAL | ||
| 650 | _aTROCA GASOSA | ||
| 650 | _aFISIOLOGIA VEGETAL | ||
| 773 | 0 |
_0805 _9317034 _dJaboticabal-SP Sociedade Brasileira de Fruticultura 1978 _o2024-3596 _tRevista Brasileira de Fruticultura (Brazil) _x0100-2945 _gv. 40(3) p. 1-11; (2018) _wBR2025004325 |
|
| 856 | _uhttps://www.scielo.br/j/rbf/a/NdTpRgb9vP5sBV5ff9CPLpJ/?format=pdf&lang=en | ||
| 942 | _cANA | ||
| 999 |
_c338888 _d338888 |
||